000
00387nam a2200133Ia 4500
008
100328s9999 xx 000 0 und d
082
_b
68074
100
_a
कदम मन्दा.
245
_a
मेघदूत.
260
_b
महाराष्ट्र ग्रंथ भांडार.
630
_a
मेघदूत.
730
_a
मेघदूत.
942
_c
BOOK
999
_c
553813
_d
553810